<Die> Kostenträgerrechnung unter Berücksichtigung der Variantenvielfalt und der forderung nach konstruktionsbegleitender Kalkulation.
Problém kalkulácií pri pružných výrobných programoch prostredníctvom diferencovanej tvorby variantov a interaktívnych modifikáciách konštrukcie pomocou CAD a CIM. Príprava dát pre kalkuláciu pre plánovanie výrobného programu a štruktúry sortimentu. Modifikácie a doplnky pružného rozpočtu nákladov. P...
Guardado en:
| Autor principal: | |
|---|---|
| Formato: | Capítulo de libro |
| Lenguaje: | alemán |
| Materias: | |
| Etiquetas: |
Sin Etiquetas, Sea el primero en etiquetar este registro!
|
MARC
| LEADER | 00000naa a2200000 4500 | ||
|---|---|---|---|
| 001 | r004307 | ||
| 005 | 20221130104003.6 | ||
| 041 | 0 | |a ger | |
| 044 | |a DE | ||
| 245 | 1 | 0 | |a <Die> Kostenträgerrechnung unter Berücksichtigung der Variantenvielfalt und der forderung nach konstruktionsbegleitender Kalkulation. |c R. Lackes |
| 520 | |a Problém kalkulácií pri pružných výrobných programoch prostredníctvom diferencovanej tvorby variantov a interaktívnych modifikáciách konštrukcie pomocou CAD a CIM. Príprava dát pre kalkuláciu pre plánovanie výrobného programu a štruktúry sortimentu. Modifikácie a doplnky pružného rozpočtu nákladov. Plánová kalkulácia pri príprave variantov. Postup pri kalkulácii súbežnej s konštrukciou. | ||
| 610 | 2 | 0 | |a kalkulácia nákladov |
| 610 | 2 | 0 | |a CAD |
| 610 | 2 | 0 | |a CIM |
| 610 | 2 | 0 | |a programy výrobné |
| 610 | 2 | 0 | |a náklady výrobné |
| 100 | 1 | |a Lackes, R. | |